000 00343nam a22001577a 4500
003 SGT
020 _a9789385028950
082 _a410,PRA
100 _aPRASAD,TARNI
245 _aA COURSE IN LINGUISTICS
250 _a3RD
260 _aNEW DELHI
_bPHI LEARNING PVT LTD
_c2017
300 _a308
650 _aLANGUAGES
942 _2ddc
_cBK
_01
999 _c22502
_d22502